000 004960000a22002050004500
003 LK-CoMWRAF
005 20231213094919.0
008 230817t1951 ||||| |||| 00| 0 eng d
020 _a0553208845
040 _aLK-CoMWRAF
_dLK-CoMWRAF
_eLK-CoMWRAF
041 _aeng
082 _a823
_bHES
100 _aHesse, Hermann
245 _aSiddhartha
260 _bBantam Books
_aNew York
_c1951
300 _a152 p
650 _a German Fiction
700 _aRosner, HIlda
_etrans.
942 _cBK
999 _c1556
_d1556